000 00530 a2200169 4500
003 OSt
005 20231121135646.0
008 231121b |||||||| |||| 00| 0 eng d
020 _a9788173718625
040 _coclc
082 _a333.707
_bBHA/E
100 _aBharucha, Erach
_95266
245 _aTextbook of environmental studies :
_b for undergraduate courses /
_cErach Bharucha
260 _aTelangana:
_bUniversities Press,
_c2019.
300 _a305p
942 _2ddc
_cBK
_h333.707
_iBHA/T
_k333.707
_mBHA/T
999 _c43673
_d43673